|
|
|
|
| LEADER |
01285nam a2200337 a 4500 |
| 001 |
000709600 |
| 003 |
CZ BrMZK |
| 005 |
20060425175032.0 |
| 007 |
ta |
| 008 |
040325s2003 xr a e 000 m ger d |
| 015 |
|
|
|a cnb001309275
|
| 020 |
|
|
|a 80-7253-037-2
|q (váz.)
|
| 035 |
|
|
|a (OCoLC)85099232
|
| 040 |
|
|
|a BOA001
|b cze
|
| 072 |
|
7 |
|a 821.112.2-3
|x Německá próza, německy psaná
|2 Konspekt
|9 25
|
| 080 |
|
|
|a 821.112.3-32
|2 MRF
|
| 080 |
|
|
|a 398.21-051
|2 MRF
|
| 080 |
|
|
|a (0:82-32)
|2 MRF
|
| 080 |
|
|
|a (0:82-3)
|2 MRF
|
| 100 |
1 |
|
|a Schwab, Gustav,
|d 1792-1850
|7 jn20010316186
|4 aut
|
| 245 |
1 |
4 |
|a Das Volksbuch vom Doktor Faustus /
|c Gustav Schwab ; [Illustrationen von Josef Mánes]
|
| 260 |
|
|
|a Prag :
|b Vitalis,
|c 2003
|
| 300 |
|
|
|a 103 s. :
|b il. ;
|c 22 cm
|
| 500 |
|
|
|a Dostupné též v digitální podobě v aplikaci Kramerius
|
| 650 |
0 |
7 |
|a Faust (legendární postava)
|7 ph214715
|2 czenas
|
| 655 |
|
7 |
|a německy psané příběhy
|7 fd132936
|2 czenas
|
| 655 |
|
7 |
|a vyprávění
|7 fd133823
|2 czenas
|
| 856 |
4 |
1 |
|u http://www.digitalniknihovna.cz/mzk/uuid/uuid:be253000-2a2a-11e6-a7c6-005056827e52
|y Digitalizovaný dokument
|x NDK
|
| 910 |
|
|
|a BOA001
|b 2-1133.458
|
| 990 |
|
|
|a BK
|
| 996 |
6 |
|
|b 2610216842
|c 2-1133.458
|l MZK
|r Sklad / do 1 hodiny
|n 1
|p p.v.
|w 000709600
|u 000010
|a 1
|e BOA001
|j MZK50
|s P
|